|
|
|
|
| LEADER |
00000nam0a2200000 4500 |
| 001 |
316805 |
| 005 |
20231102002918.0 |
| 010 |
|
|
|b 4000 экз.
|
| 035 |
|
|
|a (RuTPU)RU\TPU\book\342273
|
| 090 |
|
|
|a 316805
|
| 100 |
|
|
|a 20160330d1924 m y0rusy50 ca
|
| 101 |
1 |
|
|a rus
|c eng
|
| 102 |
|
|
|a RU
|
| 105 |
|
|
|a a z 000zy
|
| 200 |
1 |
|
|a Рациональная организация труда и психология
|f Б. Мессио
|g пер. со второго пересмотр. англ. изд. В. Перазича
|
| 210 |
|
|
|a Москва
|a Ленинград
|c Государственное изд-во
|d 1924
|
| 215 |
|
|
|a 233 с.
|c ил.
|
| 225 |
1 |
|
|a Библиотека по научной организации труда под общей редакцией О. Ерманского
|
| 316 |
|
|
|5 63413507: М-132575
|a На обложке и титульном листе владельческая подпись: "Бутаков"
|
| 317 |
|
|
|5 63413507: М-132575
|a Поступила в НТБ в 1970 г. в составе книжного собрания профессора ТПИ И. Н. Бутакова
|
| 606 |
1 |
|
|a Промышленные предприятия
|x Организация производства
|2 stltpush
|3 (RuTPU)RU\TPU\subj\52620
|9 71027
|
| 610 |
1 |
|
|a промышленность
|
| 610 |
1 |
|
|a психология
|
| 610 |
1 |
|
|a научная организация труда
|
| 610 |
1 |
|
|a система Тэйлора
|
| 610 |
1 |
|
|a владельческая надпись
|
| 610 |
1 |
|
|a библиотека И. Н. Бутакова
|
| 675 |
|
|
|a 658.5
|v 4
|
| 700 |
|
1 |
|a Мессио
|b Б.
|g Бернард
|
| 702 |
|
1 |
|a Перазич
|b В.
|4 730
|
| 801 |
|
1 |
|a RU
|b 63413507
|c 20160330
|
| 801 |
|
2 |
|a RU
|b 63413507
|c 20190731
|g RCR
|
| 942 |
|
|
|c BK
|